000 00456nam a2200181Ia 4500
001 4450
005 20260306145757.0
008 260306t2019||||xx |||||||||||||| ||spa||
041 _aESP
082 _a322.1098
_bP45E
100 _aPérez Guadalupe, José Luis
_eAUT
245 0 _aEvangelicals and political power in Latin America
260 _c2019
300 _a190 páginas :
_c24 cm.
650 _aGEN
654 _aCHU
942 _cLIB
_dJUS
_fJUS
_2ddc
_n
999 _c4450
_d4450